5G network security monitoring using SIEM

Guardado en:
Detalles Bibliográficos
Autor principal: Harvan, Tomáš (Autor)
Otros Autores: Helebrandt, Pavol (Orientador)
Formato: Manuscrito Libro
Lenguaje:eslovaco
inglés
Publicado: 2025
Materias:
Acceso en línea:http://is.stuba.sk/zp/portal_zp.pl?podrobnosti=183666
Etiquetas: Agregar Etiqueta
Sin Etiquetas, Sea el primero en etiquetar este registro!

MARC

LEADER 00000ntm a22000003a 4500
001 stuzp105883
003 SK-STU
005 20250607211940.6
007 ta
008 150427s2015----xo-----f-mn---000-0-slo-d
040 |a STU  |b slo 
041 0 |a eng 
100 1 |a Harvan, Tomáš  |u 070400  |4 aut  |U FIIT Fakulta informatiky a informačných technológií  |T FIIT Ústav počítačového inžinierstva a aplikovanej informatiky  |X 110793  |U I400  |Y 672  |7 110793 
242 0 1 |a Bezpečnostné monitorovanie 5G siete s použitím SIEM  |y slo 
245 1 0 |a 5G network security monitoring using SIEM 
260 |c 2025 
650 4 |a Monitoring  |2 eng 
650 4 |a Security  |2 eng 
650 4 |a SIEM  |2 eng 
650 4 |a 5G  |2 eng 
650 4 |a Monitorovanie  |2 slo 
650 4 |a 5G  |2 slo 
650 4 |a Bezpečnosť  |2 slo 
650 4 |a SIEM  |2 slo 
700 1 |a Helebrandt, Pavol  |u 070400  |k Z1  |4 ths  |U FIIT Fakulta informatiky a informačných technológií  |T FIIT Ústav počítačového inžinierstva a aplikovanej informatiky  |X 35267  |U I400  |Y 672  |7 35267 
856 4 |u http://is.stuba.sk/zp/portal_zp.pl?podrobnosti=183666